000 00587nam a2200205 a 4500
008
049 _aMAIN
090 _aQA278.5
_bHAR
100 1 _aHarman, Harry Horace.
245 1 0 _aModern factor analysis /
_cHarry H. Harman.
260 _aChicago:
_bUniversity of Chicago Press,
_c1960.
300 _a471 p.,
_c25 cm.
504 _aIncludes bibliographical references.
650 0 _aFactor analysis.
907 _a.b10012102
_b28-08-12
_c17-04-03
003
005 20230123133126.0
040 _cNUST
942 _cBOOKS
_kQA278.5
_mHAR
999 _c143163
_d143163